000 00496nam a2200181 a 4500
005 20260425160358.0
008 260416s2026##################000#0#eng##
020 _a9780406916266
_qhbk
041 _aeng
082 0 4 _a348.42 ALL.2
100 _asalter qc, richard
245 1 0 _athe all England law reports 1999
_c/ Richard salter qc ;
260 _alondon
_bbutterworths
_c2000
300 _a1024p. :
_c22cm.
490 _v vol 2
650 _a Laws, regulations & cases
942 _cENGLISH
999 _c619449
_d619449